[Event "ROM-ch U08"]
[Site "Calimanesti"]
[Date "2018.03.30"]
[Round "5"]
[White "Furfurica, Alexandru"]
[Black "Zamfirescu, Matei Bogdan"]
[Result "1-0"]
[WhiteElo "1001"]
[BlackElo "1001"]
[PlyCount "63"]
[EventDate "2018.03.27"]
[EventType "swiss"]
[EventRounds "9"]
[EventCountry "ROU"]
[SourceTitle "CBM 183 Extra"]
[Source "ChessBase"]
[SourceDate "2018.04.19"]
[SourceVersion "1"]
[SourceVersionDate "2018.04.19"]
[SourceQuality "1"]

1. d4 d5 2. Nf3 e6 3. Bf4 Nf6 4. e3 Be7 5. Bd3 0-0 6. Nbd2 c6 7. c3 Nbd7 8. 0-0 g6 9. h3 b6 10. a3 h6 11. Qe2 Nb8 12. Rae1 Nbd7 13. Rd1 h5 14. Rfe1 g5 15. Bh2 a5 16. Rb1 a4 17. e4 dxe4 18. Nxe4 Nxe4 19. Qxe4 f5 20. Qe3 e5 21. dxe5 f4 22. Qe2 Bc5 23. b4 Be7 24. Bc4+ Kh7 25. Qe4+ Kh6 26. Qxc6+ Kg7 27. Qxa8 Rf5 28. e6 Nb8 29. Qxb8 Rf6 30. Nxg5 Bxe6 31. Nxe6+ Kf7 32. Nxd8+ 1-0